| 000 | 01134nam a22002777a 4500 | ||
|---|---|---|---|
| 005 | 20230911123222.0 | ||
| 010 | _a1617EN ENG-115048 ENG-137800 | ||
| 020 |
_a9789339221874 _c650.00 |
||
| 020 |
_a9339221877 _c650.00 |
||
| 035 | _aB-653927-938 | ||
| 035 | _aEN-98580 EN-121332 | ||
| 035 | _aB-665149 | ||
| 037 | _bABC | ||
| 037 | _bDBAD/PUB | ||
| 082 | _a336.54 | ||
| 100 |
_aKhan, M.Y. _956210 |
||
| 245 |
_aIndian financial system / _cby M.Y. Khan |
||
| 250 | _a9th ed | ||
| 260 |
_aNew Delhi _bMcGraw Hill Education _c2016 |
||
| 270 |
_aP-24, Green Park Extension _bNew Delhi _e110016 |
||
| 300 |
_avarious pagings _c24cm(pbk) |
||
| 500 | _aIncludes index | ||
| 942 |
_2ddc _cEN _mKHA _h336.54 |
||
| 999 |
_c99391 _d99391 |
||